[Event "Titled Tuesday intern op 4th Sept"]
[Site "Chess.com INT"]
[Date "2018.09.04"]
[Round "3"]
[White "Bentivegna, Francesco"]
[Black "Legenko, Ksenia"]
[Result "1-0"]
[WhiteElo "2281"]
[BlackElo "2082"]
[PlyCount "119"]
[EventDate "2018.09.04"]
[EventType "swiss (blitz)"]
[EventRounds "10"]
[EventCountry "USA"]
[SourceTitle "EXT 2021"]
[Source "ChessBase"]
[SourceDate "2020.10.23"]
[SourceVersion "1"]
[SourceVersionDate "2020.10.23"]
[SourceQuality "1"]

1. e4 c6 2. d4 d5 3. exd5 cxd5 4. c4 Nf6 5. Nc3 g6 6. Qb3 Bg7 7. cxd5 0-0 8. Be2 Qb6 9. Qxb6 axb6 10. Bf3 Na6 11. Nge2 Nb4 12. 0-0 Rd8 13. Bg5 Bf5 14. a3 Nbxd5 15. Nxd5 Nxd5 16. Bxd5 Rxd5 17. Be3 Bd3 18. Rfe1 Bxe2 19. Rxe2 Rad8 20. Kf1 e6 21. Rd1 Bxd4 22. Bxd4 Rxd4 23. Rxd4 Rxd4 24. Rc2 Rd7 25. Ke2 Kg7 26. Ke3 Kf6 27. f4 Kf5 28. h3 h5 29. Rc4 g5 30. fxg5 Kxg5 31. Rb4 Rd6 32. Rb5+ Kg6 33. h4 f6 34. b4 e5 35. a4 Kf5 36. a5 bxa5 37. bxa5 Rd7 38. Rb6 Rc7 39. Kf2 Rc2+ 40. Kg3 Rc7 41. Kh3 e4 42. Kg3 Rc3+ 43. Kf2 Rc2+ 44. Kg3 Rc7 45. Rb5+ Ke6 46. Kf4 f5 47. Rxf5 Rc2 48. Rxh5 Rxg2 49. Re5+ Kf6 50. Rb5 Rf2+ 51. Kxe4 Ra2 52. Rb6+ Kg7 53. Rxb7+ Kf6 54. Rb6+ Kg7 55. a6 Ra4+ 56. Kd5 Rxh4 57. Kc6 Kf7 58. a7 Ra4 59. Kc7 Ke7 60. Kb7 1-0

[Event "RUS-ch Higher League (Women) 68th"]
[Site "Yaroslavl"]
[Date "2018.07.02"]
[Round "6"]
[White "Legenko, Ksenia"]
[Black "Lingur, Zalina"]
[Result "1/2-1/2"]
[WhiteElo "2079"]
[BlackElo "2101"]
[PlyCount "85"]
[EventDate "2018.06.26"]
[EventType "swiss"]
[EventRounds "9"]
[EventCountry "RUS"]
[SourceTitle "CBM 185 Extra"]
[Source "ChessBase"]
[SourceDate "2018.07.29"]
[SourceVersion "1"]
[SourceVersionDate "2018.07.29"]
[SourceQuality "1"]

1. d4 Nf6 2. c4 c5 3. d5 e6 4. Nc3 exd5 5. cxd5 d6 6. g3 g6 7. Bg2 Bg7 8. Nf3 0-0 9. 0-0 Re8 10. Nd2 a6 11. a4 Nbd7 12. h3 Nh5 13. e4 Ne5 14. Kh2 f5 15. f4 Nd3 16. exf5 Bxf5 17. g4 Nhxf4 18. gxf5 Bxc3 19. Nc4 Qh4 20. Qg4 Qxg4 21. hxg4 Be5 22. Nxe5 dxe5 23. Be4 Rad8 24. Bxf4 Nxf4 25. Rac1 gxf5 26. gxf5 b6 27. a5 Rd6 28. Rc2 Kf7 29. Kg3 Rg8+ 30. Kf3 Rc8 31. Rh2 h5 32. Rc1 bxa5 33. Rhc2 h4 34. Rxc5 Rxc5 35. Rxc5 Rb6 36. Rxa5 h3 37. Ra1 Rb3+ 38. Kg4 h2 39. Rb1 a5 40. d6 Rb4 41. Bc6 Rb8 42. Kg3 Rh8 43. Ra1 1/2-1/2

[Event "RUS-ch Higher League (Women) 67th"]
[Site "Sochi"]
[Date "2017.07.04"]
[Round "3"]
[White "Legenko, Ksenia"]
[Black "Nasybullina, Alfia"]
[Result "0-1"]
[WhiteElo "2172"]
[BlackElo "2084"]
[PlyCount "68"]
[EventDate "2017.07.02"]
[EventType "swiss"]
[EventRounds "9"]
[EventCountry "RUS"]
[SourceTitle "CBM 179 Extra"]
[Source "ChessBase"]
[SourceDate "2017.08.23"]
[SourceVersion "1"]
[SourceVersionDate "2017.08.23"]
[SourceQuality "1"]

1. d4 Nf6 2. c4 b6 3. Nc3 Bb7 4. d5 e6 5. a3 exd5 6. cxd5 Na6 7. Nf3 Nc5 8. e3 c6 9. Bc4 Bd6 10. 0-0 Nce4 11. Nxe4 Nxe4 12. Qd4 Qe7 13. dxc6 Bxc6 14. Qxg7 0-0-0 15. Qxf7 Ng5 16. Qxe7 Nxf3+ 17. Kh1 Bxe7 18. e4 Ne5 19. Ba2 Bxe4 20. f3 Bc6 21. Bd2 d5 22. Rfe1 Ng6 23. Bb1 Rhe8 24. Bd3 Bc5 25. Rec1 Kb7 26. Rc2 Ba4 27. Rcc1 Be3 28. Bxe3 Rxe3 29. Bc2 Bxc2 30. Rxc2 d4 31. Kg1 d3 32. Rd2 Re2 33. Rad1 Ne5 34. b3 Rg8 0-1

[Event "RUS-ch Higher League (Women) 67th"]
[Site "Sochi"]
[Date "2017.07.02"]
[Round "1"]
[White "Legenko, Ksenia"]
[Black "Vasilevich, Tatjana"]
[Result "0-1"]
[WhiteElo "2172"]
[BlackElo "2365"]
[PlyCount "90"]
[EventDate "2017.07.02"]
[EventType "swiss"]
[EventRounds "9"]
[EventCountry "RUS"]
[SourceTitle "CBM 179 Extra"]
[Source "ChessBase"]
[SourceDate "2017.08.23"]
[SourceVersion "1"]
[SourceVersionDate "2017.08.23"]
[SourceQuality "1"]

1. d4 d5 2. c4 e6 3. Nf3 Nf6 4. g3 dxc4 5. Bg2 c5 6. 0-0 Nc6 7. Qa4 Bd7 8. Qxc4 b5 9. Qd3 Rc8 10. dxc5 Nb4 11. Qd2 Bxc5 12. Nc3 Qb6 13. Ne5 Rd8 14. a3 Nc6 15. Nd3 Bd4 16. Qg5 Ne7 17. Ne5 Nf5 18. Nxd7 Rxd7 19. e4 h6 20. Qf4 Ne7 21. Qf3 0-0 22. Ne2 Nc6 23. Qb3 Rfd8 24. Bf4 e5 25. Be3 Bxe3 26. Qxe3 Qxe3 27. fxe3 Rd3 28. Nc3 Rxe3 29. Nd5 Nxd5 30. exd5 Nd4 31. Rac1 f5 32. Rc5 Re2 33. Rf2 Re1+ 34. Rf1 Re2 35. Rf2 Re3 36. Rf1 a6 37. a4 Rd6 38. axb5 axb5 39. Ra1 Rd7 40. Bf1 Rb3 41. Ra6 Rxb2 42. Bg2 Kf7 43. Kf1 e4 44. g4 e3 45. gxf5 Rb1+ 0-1

[Event "Titled Tuesday intern op 6th Dec 2pm"]
[Site "Chess.com INT"]
[Date "2017.01.03"]
[Round "8"]
[White "Legenko, Ksenia"]
[Black "Matta, Nicholas F"]
[Result "0-1"]
[WhiteElo "2164"]
[BlackElo "2006"]
[PlyCount "94"]
[EventDate "2017.12.06"]
[EventType "swiss (blitz)"]
[EventRounds "9"]
[EventCountry "USA"]
[SourceTitle "EXT 2021"]
[Source "ChessBase"]
[SourceDate "2020.10.23"]
[SourceVersion "1"]
[SourceVersionDate "2020.10.23"]
[SourceQuality "1"]

1. d4 Nf6 2. c4 g6 3. Nc3 d5 4. Qa4+ c6 5. cxd5 Nxd5 6. e4 Nxc3 7. bxc3 Bg7 8. Nf3 0-0 9. Be2 c5 10. Be3 Nc6 11. 0-0 Bg4 12. Rfd1 Bxf3 13. Bxf3 cxd4 14. cxd4 Qc7 15. Rac1 Qa5 16. Qxa5 Nxa5 17. Rc7 e6 18. Rdc1 Rfd8 19. e5 Rab8 20. h3 Kf8 21. Bg5 Re8 22. R1c5 b6 23. Rc3 a6 24. Ra7 h6 25. Bd2 Re7 26. Rxa6 Rd7 27. Be3 Kg8 28. Rc1 h5 29. Be2 Bf8 30. Bb5 Rdd8 31. Ra7 Rb7 32. Rxb7 Nxb7 33. Rc7 Na5 34. Ra7 Bb4 35. Kh2 Bc3 36. d5 exd5 37. Bxb6 Bxe5+ 38. g3 Rb8 39. Bxa5 Rxb5 40. Ra8+ Kg7 41. a4 Rb2 42. Kg2 Bd4 43. Bc7 Rxf2+ 44. Kh1 Rc2 45. Bd6 Rc1+ 46. Kg2 Rc2+ 47. Kf3 Rf2# 0-1

[Event "Titled Tuesday intern op 6th Dec 2pm"]
[Site "Chess.com INT"]
[Date "2017.01.03"]
[Round "5"]
[White "Moon, Benjamin"]
[Black "Legenko, Ksenia"]
[Result "1-0"]
[WhiteElo "2265"]
[BlackElo "2164"]
[PlyCount "105"]
[EventDate "2017.12.06"]
[EventType "swiss (blitz)"]
[EventRounds "9"]
[EventCountry "USA"]
[SourceTitle "EXT 2021"]
[Source "ChessBase"]
[SourceDate "2020.10.23"]
[SourceVersion "1"]
[SourceVersionDate "2020.10.23"]
[SourceQuality "1"]

1. d4 d5 2. Bf4 e6 3. e3 Nf6 4. Nf3 c5 5. c3 Nc6 6. Nbd2 Bd6 7. Bg3 b6 8. Bd3 Qc7 9. Qe2 Bb7 10. Rd1 Ne7 11. e4 dxe4 12. Nxe4 Nxe4 13. Bxe4 Bxe4 14. Qxe4 0-0 15. dxc5 Bxg3 16. hxg3 h6 17. cxb6 Qxb6 18. b3 Qa5 19. Qb4 Qc7 20. c4 a5 21. Qa4 Nf5 22. 0-0 Qc5 23. Qb5 Qa3 24. Rd2 a4 25. Ne5 axb3 26. Qxb3 Qa7 27. Rc1 Rfb8 28. Qc3 Rd8 29. c5 Rxd2 30. Qxd2 Qxa2 31. Qxa2 Rxa2 32. c6 Nd6 33. c7 Nc8 34. Rd1 Ra8 35. Rd8+ Kh7 36. Nxf7 Kg6 37. Nd6 Ra1+ 38. Kh2 Nxd6 39. Rxd6 Rc1 40. Rd7 Kf6 41. g4 Rc3 42. f3 Rc2 43. Kg3 Rc3 44. Kf4 Rc4+ 45. Ke3 Rc3+ 46. Kd4 Rc1 47. f4 Rd1+ 48. Kc5 Rc1+ 49. Kb6 Rb1+ 50. Ka7 Ra1+ 51. Kb8 Rb1+ 52. Kc8 Rb4 53. Kd8 1-0

[Event "Titled Tuesday intern op 6th Sept"]
[Site "Chess.com INT"]
[Date "2016.09.06"]
[Round "7"]
[White "Leenhouts, Koen"]
[Black "Legenko, Ksenia"]
[Result "1-0"]
[WhiteElo "2491"]
[BlackElo "2125"]
[PlyCount "47"]
[EventDate "2016.09.06"]
[EventType "swiss (blitz)"]
[EventRounds "9"]
[EventCountry "USA"]
[SourceTitle "EXT 2021"]
[Source "ChessBase"]
[SourceDate "2020.10.23"]
[SourceVersion "1"]
[SourceVersionDate "2020.10.23"]
[SourceQuality "1"]

1. d4 d5 2. c4 dxc4 3. e3 Nf6 4. Bxc4 e6 5. Nf3 a6 6. Bb3 b5 7. a4 b4 8. e4 Nxe4 9. 0-0 Bb7 10. Re1 Nf6 11. Ng5 Bd5 12. Nd2 h6 13. Nh3 Be7 14. Nc4 0-0 15. Nf4 Bb7 16. Ne5 c5 17. Nxe6 fxe6 18. Bxe6+ Kh8 19. Ng6+ Kh7 20. Qc2 Be4 21. Rxe4 Re8 22. Rh4 cxd4 23. Nf8+ Kh8 24. Qh7+ 1-0

[Event "Titled Tuesday intern op1 6th Sept"]
[Site "Chess.com INT"]
[Date "2016.09.06"]
[Round "6"]
[White "Legenko, Ksenia"]
[Black "Creger V, Leo Calvin"]
[Result "1-0"]
[WhiteElo "2125"]
[BlackElo "1945"]
[PlyCount "131"]
[EventDate "2016.09.06"]
[EventType "swiss (blitz)"]
[EventRounds "9"]
[EventCountry "USA"]
[SourceTitle "EXT 2021"]
[Source "ChessBase"]
[SourceDate "2020.10.23"]
[SourceVersion "1"]
[SourceVersionDate "2020.10.23"]
[SourceQuality "1"]

1. d4 e6 2. c4 f5 3. g3 Nf6 4. Bg2 d5 5. Qc2 c6 6. Nh3 Bd6 7. Bf4 0-0 8. 0-0 Ne4 9. Nd2 Bxf4 10. Nxf4 g5 11. Nd3 Nd7 12. Nf3 Qf6 13. Nfe5 h5 14. f3 Nd6 15. b3 f4 16. e4 fxe3 17. Rae1 Nf5 18. Qc3 c5 19. dxc5 d4 20. Nxd7 Bxd7 21. Qc2 Bc6 22. b4 a6 23. a4 e2 24. Qxe2 Ne3 25. Rf2 Nxg2 26. Rxg2 Bxf3 27. Qxe6+ Qxe6 28. Rxe6 Bxg2 29. Kxg2 Rae8 30. Rxe8 Rxe8 31. b5 axb5 32. axb5 Re2+ 33. Kf1 Rc2 34. Ne5 Kf8 35. c6 bxc6 36. bxc6 Ra2 37. c7 Ra8 38. Nc6 Rc8 39. Nxd4 Ke7 40. Nb5 Kd7 41. Kg2 Kc6 42. Kf3 Kc5 43. Ke4 Re8+ 44. Kf5 h4 45. Kxg5 hxg3 46. hxg3 Rg8+ 47. Kf4 Rf8+ 48. Ke3 Re8+ 49. Kf3 Rf8+ 50. Kg2 Rg8 51. Na7 Kxc4 52. c8Q+ Rxc8 53. Nxc8 Kc5 54. Kf3 Kc6 55. Kf4 Kd7 56. Nb6+ Ke7 57. Kf5 Kf7 58. g4 Kg7 59. Kg5 Kf7 60. Kh6 Kg8 61. g5 Kh8 62. Kg6 Kg8 63. Nc4 Kf8 64. Kh7 Kf7 65. g6+ Kf6 66. g7 1-0

[Event "Titled Tuesday intern op1 6th Sept"]
[Site "Chess.com INT"]
[Date "2016.09.06"]
[Round "3"]
[White "Tsiolakidis, Anastasios"]
[Black "Legenko, Ksenia"]
[Result "0-1"]
[WhiteElo "2291"]
[BlackElo "2125"]
[PlyCount "88"]
[EventDate "2016.09.06"]
[EventType "swiss (blitz)"]
[EventRounds "9"]
[EventCountry "USA"]
[SourceTitle "EXT 2021"]
[Source "ChessBase"]
[SourceDate "2020.10.23"]
[SourceVersion "1"]
[SourceVersionDate "2020.10.23"]
[SourceQuality "1"]

1. e4 c6 2. Nf3 d5 3. Nc3 Bg4 4. h3 Bxf3 5. Qxf3 e6 6. b3 Nd7 7. Bb2 Ngf6 8. 0-0-0 Be7 9. d4 dxe4 10. Nxe4 Nxe4 11. Qxe4 Nf6 12. Qd3 Qa5 13. Kb1 Rd8 14. g4 Ba3 15. Bg2 Bxb2 16. Kxb2 0-0 17. g5 Nd5 18. a3 c5 19. Be4 g6 20. dxc5 Qxc5 21. Qd4 Qc7 22. Bxd5 Rxd5 23. Qxa7 Rxg5 24. Rd2 Rc8 25. Qe3 Rc5 26. c4 Re5 27. Qg3 Qc5 28. Rhd1 Rg5 29. Rd8+ Rxd8 30. Rxd8+ Kg7 31. Qc3+ e5 32. Qe3 Qe7 33. Rd5 Rf5 34. a4 Qf6 35. a5 Rxf2+ 36. Ka3 Qe7+ 37. c5 Rf5 38. b4 Qf6 39. Ka4 Qc6+ 40. b5 Qxd5 41. a6 bxa6 42. b6 Rf4+ 43. Ka5 Qa2+ 44. Qa3 Qxa3# 0-1

[Event "Titled Tuesday intern op 5th July"]
[Site "Chess.com INT"]
[Date "2016.07.05"]
[Round "8"]
[White "Goldsby, AJ."]
[Black "Legenko, Ksenia"]
[Result "0-1"]
[WhiteElo "2035"]
[BlackElo "2125"]
[PlyCount "50"]
[EventDate "2016.07.05"]
[EventType "swiss (blitz)"]
[EventRounds "9"]
[EventCountry "USA"]
[SourceTitle "EXT 2021"]
[Source "ChessBase"]
[SourceDate "2020.10.23"]
[SourceVersion "1"]
[SourceVersionDate "2020.10.23"]
[SourceQuality "1"]

1. d4 d5 2. Nf3 Nf6 3. g3 c5 4. Bg2 cxd4 5. Nxd4 e5 6. Nb3 Nc6 7. 0-0 Be7 8. Bg5 0-0 9. a3 Be6 10. Nc3 d4 11. Ne4 Nxe4 12. Bxe7 Qxe7 13. Bxe4 Rfd8 14. Qd3 h6 15. Rad1 Rac8 16. Rfe1 a6 17. Bf5 b5 18. Bxe6 Qxe6 19. f3 Ne7 20. e3 dxe3 21. Qxd8+ Rxd8 22. Rxd8+ Kh7 23. g4 Nd5 24. Re2 Nf4 25. Rxe3 Qb6 0-1

[Event "Titled Tuesday intern op1 5th July"]
[Site "Chess.com INT"]
[Date "2016.07.05"]
[Round "8"]
[White "Legenko, Ksenia"]
[Black "Bellahcene, Bilel"]
[Result "1-0"]
[WhiteElo "2125"]
[BlackElo "2498"]
[PlyCount "45"]
[EventDate "2016.07.05"]
[EventType "swiss (blitz)"]
[EventRounds "9"]
[EventCountry "USA"]
[SourceTitle "EXT 2021"]
[Source "ChessBase"]
[SourceDate "2020.10.23"]
[SourceVersion "1"]
[SourceVersionDate "2020.10.23"]
[SourceQuality "1"]

1. d4 d5 2. c4 e6 3. Nf3 Nf6 4. g3 Bb4+ 5. Bd2 Be7 6. Bg2 0-0 7. 0-0 Nbd7 8. b3 Ne4 9. Nc3 Nxc3 10. Bxc3 c6 11. Qd3 f5 12. b4 Nf6 13. Ne5 Ne4 14. b5 Bd7 15. bxc6 Bxc6 16. Nxc6 bxc6 17. cxd5 cxd5 18. Rab1 Rc8 19. Rfc1 Rc4 20. Be1 Ra4 21. Qb3 Qd7 22. Qb7 Rd8 23. Rc7 1-0

[Event "Titled Tuesday intern op 5th July"]
[Site "Chess.com INT"]
[Date "2016.07.05"]
[Round "6"]
[White "Legenko, Ksenia"]
[Black "Vedder, Richard"]
[Result "1-0"]
[WhiteElo "2125"]
[BlackElo "2268"]
[PlyCount "85"]
[EventDate "2016.07.05"]
[EventType "swiss (blitz)"]
[EventRounds "9"]
[EventCountry "USA"]
[SourceTitle "EXT 2021"]
[Source "ChessBase"]
[SourceDate "2020.10.23"]
[SourceVersion "1"]
[SourceVersionDate "2020.10.23"]
[SourceQuality "1"]

1. d4 d5 2. c4 dxc4 3. Nf3 Nf6 4. g3 g6 5. Bg2 c6 6. 0-0 Bg7 7. Nc3 0-0 8. Bg5 Be6 9. e3 Nbd7 10. a4 a5 11. Nd2 Nb6 12. Qe2 Nfd5 13. Rfc1 Nb4 14. Nce4 Nd3 15. Rc2 f5 16. Nc5 Nxc5 17. dxc5 Nd5 18. Nxc4 Nb4 19. Rd2 Qe8 20. Rad1 Qf7 21. Nb6 Rae8 22. Nd7 Bxd7 23. Rxd7 Qb3 24. Bxe7 Rf7 25. Bg5 Rxd7 26. Rxd7 Qxa4 27. Rxb7 Qa1+ 28. Bf1 Qxb2 29. Qc4+ Kh8 30. Qf7 Rg8 31. Bc4 Rf8 32. Qd7 Qc1+ 33. Bf1 Qc3 34. Bh6 Rg8 35. Bc4 Nd5 36. Bxd5 cxd5 37. Bxg7+ Rxg7 38. Qxg7+ Qxg7 39. Rxg7 Kxg7 40. c6 a4 41. c7 a3 42. c8Q a2 43. Qa8 1-0

[Event "Titled Tuesday intern op 5th July"]
[Site "Chess.com INT"]
[Date "2016.07.05"]
[Round "1"]
[White "Ris, Robert"]
[Black "Legenko, Ksenia"]
[Result "1-0"]
[WhiteElo "2418"]
[BlackElo "2125"]
[PlyCount "79"]
[EventDate "2016.07.05"]
[EventType "swiss (blitz)"]
[EventRounds "9"]
[EventCountry "USA"]
[SourceTitle "EXT 2021"]
[Source "ChessBase"]
[SourceDate "2020.10.23"]
[SourceVersion "1"]
[SourceVersionDate "2020.10.23"]
[SourceQuality "1"]

1. Nf3 d5 2. g3 Nf6 3. Bg2 c6 4. 0-0 Bg4 5. c4 e6 6. b3 Be7 7. Bb2 0-0 8. d3 Nbd7 9. Nbd2 Qc7 10. Qc2 Rac8 11. e4 dxe4 12. dxe4 e5 13. Nh4 Rcd8 14. h3 Be6 15. Nf5 Bxf5 16. exf5 Nc5 17. g4 Rfe8 18. Rad1 Nd3 19. Bc3 Bb4 20. Nf3 Bxc3 21. Rxd3 Bb4 22. Rxd8 Rxd8 23. c5 Qe7 24. Rc1 e4 25. Ng5 Rd2 26. Qc4 Ba3 27. Re1 Qxc5 28. Qxf7+ Kh8 29. Nxe4 Nxe4 30. Qe8+ Qf8 31. Rxe4 Kg8 32. Qe6+ Qf7 33. Qc8+ Bf8 34. Bf1 Rd7 35. Bc4 Rd5 36. Re8 h6 37. Bxd5 cxd5 38. Qe6 d4 39. Rd8 d3 40. Rxd3 1-0

[Event "Titled Tuesday intern op1 5th July"]
[Site "Chess.com INT"]
[Date "2016.07.05"]
[Round "9"]
[White "Soudre, Nicolas"]
[Black "Legenko, Ksenia"]
[Result "0-1"]
[WhiteElo "2084"]
[BlackElo "2125"]
[PlyCount "110"]
[EventDate "2016.07.05"]
[EventType "swiss (blitz)"]
[EventRounds "9"]
[EventCountry "USA"]
[SourceTitle "EXT 2021"]
[Source "ChessBase"]
[SourceDate "2020.10.23"]
[SourceVersion "1"]
[SourceVersionDate "2020.10.23"]
[SourceQuality "1"]

1. e4 c6 2. d4 d5 3. Nc3 dxe4 4. Nxe4 Bf5 5. Ng3 Bg6 6. Nf3 e6 7. h4 h6 8. Ne5 Ne7 9. Nxg6 Nxg6 10. h5 Ne7 11. c3 Nd7 12. Bd3 Nd5 13. Qf3 Qf6 14. Qxf6 N7xf6 15. Ne4 Nxe4 16. Bxe4 Bd6 17. g3 0-0 18. f4 Nf6 19. Bf3 Rad8 20. a3 Rd7 21. Kf2 c5 22. Be3 cxd4 23. Bxd4 Be7 24. Rad1 Rfd8 25. Bxa7 Rd2+ 26. Ke1 Rxb2 27. Rxd8+ Bxd8 28. Bd4 Ra2 29. Bd1 Nd5 30. a4 Ba5 31. Be2 Bxc3+ 32. Bxc3 Nxc3 33. Bf1 Nxa4 34. g4 f6 35. Rh3 Nc5 36. Rc3 b6 37. Rc4 Ra4 38. Rc3 Rxf4 39. Be2 Kf7 40. Rc1 Rb4 41. Ra1 f5 42. Ra7+ Kf6 43. gxf5 exf5 44. Ra8 Nd7 45. Ra7 Ne5 46. Ra8 g6 47. Rf8+ Kg7 48. Re8 Rb1+ 49. Kd2 Nf7 50. Re7 Kf6 51. Rb7 g5 52. Kc2 Rb4 53. Kc3 Re4 54. Rxb6+ Re6 55. Rb5 Rxe2 0-1

[Event "Titled Tuesday intern op1 7th June"]
[Site "Chess.com INT"]
[Date "2016.06.07"]
[Round "4"]
[White "Legenko, Ksenia"]
[Black "Hadzimanolis, Antonios"]
[Result "0-1"]
[WhiteElo "2125"]
[BlackElo "2225"]
[PlyCount "76"]
[EventDate "2016.06.07"]
[EventType "swiss (blitz)"]
[EventRounds "9"]
[EventCountry "USA"]
[SourceTitle "EXT 2021"]
[Source "ChessBase"]
[SourceDate "2020.10.23"]
[SourceVersion "1"]
[SourceVersionDate "2020.10.23"]
[SourceQuality "1"]

1. d4 d5 2. c4 c6 3. Nf3 Nf6 4. g3 Nbd7 5. Bg2 e6 6. 0-0 Bd6 7. Qc2 0-0 8. Nbd2 Re8 9. e4 dxe4 10. Nxe4 Nxe4 11. Qxe4 e5 12. Re1 Nf6 13. Qc2 exd4 14. Rxe8+ Qxe8 15. c5 Bc7 16. Bg5 Nd5 17. Re1 Qf8 18. Nxd4 h6 19. Bxd5 cxd5 20. Be7 Qe8 21. Re3 Bh3 22. Qe2 Qd7 23. b4 Re8 24. b5 Bd8 25. Bd6 Rxe3 26. Qxe3 Bf6 27. Be5 Qg4 28. f3 Bg5 29. Qe2 Qc8 30. c6 bxc6 31. bxc6 Be7 32. c7 Bc5 33. Qb2 Bd7 34. Qb8 f6 35. f4 fxe5 36. fxe5 Bxd4+ 37. Kg2 Bxe5 38. Qxc8+ Bxc8 0-1

[Event "Titled Tuesday intern op 7th June"]
[Site "Chess.com INT"]
[Date "2016.06.07"]
[Round "4"]
[White "Legenko, Ksenia"]
[Black "Kantane, Anna"]
[Result "0-1"]
[WhiteElo "2125"]
[BlackElo "2323"]
[PlyCount "68"]
[EventDate "2016.06.07"]
[EventType "swiss (blitz)"]
[EventRounds "9"]
[EventCountry "USA"]
[SourceTitle "EXT 2021"]
[Source "ChessBase"]
[SourceDate "2020.10.23"]
[SourceVersion "1"]
[SourceVersionDate "2020.10.23"]
[SourceQuality "1"]

1. d4 Nf6 2. c4 c5 3. e3 cxd4 4. exd4 g6 5. Nc3 Bg7 6. Nf3 0-0 7. Be2 d5 8. 0-0 Nc6 9. c5 Bg4 10. Be3 Ne4 11. h3 Bxf3 12. Bxf3 f5 13. Qb3 e6 14. Rad1 f4 15. Bxe4 fxe3 16. Bf3 Nxd4 17. Qxb7 Nxf3+ 18. gxf3 Bxc3 19. bxc3 e2 20. Rfe1 exd1R 21. Rxd1 Rc8 22. Qxa7 Qc7 23. Qa6 Qc6 24. Qe2 Rf6 25. Qe5 Rcf8 26. Rb1 Qxc5 27. f4 Qc6 28. Rb4 Rf5 29. Qe3 Qd6 30. Rb6 Qxf4 31. Qxe6+ Kh8 32. Qe2 Qxf2+ 33. Qxf2 Rxf2 34. a4 Ra2 0-1

[Event "Titled Tuesday intern op 7th June"]
[Site "Chess.com INT"]
[Date "2016.06.07"]
[Round "9"]
[White "Legenko, Ksenia"]
[Black "Mikhalevski, Victor"]
[Result "0-1"]
[WhiteElo "2125"]
[BlackElo "2533"]
[PlyCount "148"]
[EventDate "2016.06.07"]
[EventType "swiss (blitz)"]
[EventRounds "9"]
[EventCountry "USA"]
[SourceTitle "EXT 2021"]
[Source "ChessBase"]
[SourceDate "2020.10.23"]
[SourceVersion "1"]
[SourceVersionDate "2020.10.23"]
[SourceQuality "1"]

1. d4 Nf6 2. c4 g6 3. Nc3 d5 4. Qa4+ Bd7 5. Qb3 dxc4 6. Qxc4 Bg7 7. Bf4 Na6 8. e4 0-0 9. Nf3 c5 10. dxc5 Qa5 11. Be2 Qxc5 12. Qb3 Qb6 13. Qxb6 axb6 14. 0-0 Nc5 15. Nd2 Bc6 16. f3 Nfd7 17. Be3 Ne5 18. Nc4 Nxc4 19. Bxc4 Bxc3 20. bxc3 Ra4 21. Bb3 Ra3 22. Rab1 Rd8 23. Bd4 Kf8 24. Rfd1 Nxb3 25. axb3 b5 26. Rb2 f6 27. Re1 Kf7 28. e5 f5 29. b4 Ke6 30. Ree2 Bd5 31. Kf2 f4 32. Red2 Rda8 33. Rd1 Ra1 34. Rxa1 Rxa1 35. Rd2 Bc4 36. g3 g5 37. gxf4 gxf4 38. Bc5 Rc1 39. Bd4 h5 40. Kg2 Bd5 41. Rf2 Rd1 42. Kh3 Rd3 43. Kg2 h4 44. h3 Kf5 45. Rf1 e6 46. Rf2 Bb3 47. Rb2 Bd1 48. Rf2 Kg5 49. Rf1 Be2 50. Rf2 Bd1 51. Rf1 Kg6 52. Rf2 Kf7 53. Rf1 Ke8 54. Rf2 Kd7 55. Rf1 Kc6 56. Rf2 Kd5 57. Rf1 Kc4 58. Rf2 Kb3 59. Rf1 Kc2 60. Rf2+ Kc1 61. Rf1 Kd2 62. Rf2+ Be2 63. Bc5 Rxc3 64. Be7 Ke3 65. Bxh4 Rc2 66. Kg1 Rc1+ 67. Kg2 Rc8 68. Bg5 Rg8 69. h4 Rg7 70. Kg1 Bxf3 71. Rf1 Bh5 72. Rxf4 Rxg5+ 73. hxg5 Kxf4 74. Kf2 Kxe5 0-1

[Event "Titled Tuesday intern op 3rd May"]
[Site "Chess.com INT"]
[Date "2016.05.03"]
[Round "4"]
[White "Yavorovsky, Valeriy"]
[Black "Legenko, Ksenia"]
[Result "1-0"]
[WhiteElo "2307"]
[BlackElo "2125"]
[PlyCount "85"]
[EventDate "2016.05.03"]
[EventType "swiss (blitz)"]
[EventRounds "9"]
[EventCountry "USA"]
[SourceTitle "EXT 2021"]
[Source "ChessBase"]
[SourceDate "2020.10.23"]
[SourceVersion "1"]
[SourceVersionDate "2020.10.23"]
[SourceQuality "1"]

1. d4 d5 2. Nf3 e6 3. c4 dxc4 4. e3 Nf6 5. Bxc4 a6 6. 0-0 b5 7. Bb3 Bb7 8. Qe2 Nbd7 9. Rd1 c5 10. Nc3 Be7 11. d5 exd5 12. Nxd5 Nxd5 13. Bxd5 Bxd5 14. Rxd5 Qc7 15. e4 0-0 16. Bg5 Bxg5 17. Rxg5 Nf6 18. Qe3 c4 19. Nd4 Rfe8 20. e5 Nd5 21. Qe4 Rad8 22. Re1 c3 23. bxc3 Nxc3 24. Qg4 g6 25. e6 f6 26. Rh5 Rxd4 27. Qxd4 gxh5 28. Qxf6 Qg7 29. Qf5 Qg6 30. Qe5 b4 31. h4 Re7 32. Re3 Rg7 33. Rg3 Qb1+ 34. Kh2 Rxg3 35. Qxg3+ Qg6 36. Qb8+ Kg7 37. e7 Qf6 38. e8Q Qxh4+ 39. Kg1 Qc4 40. Qf8+ Kg6 41. Qg3+ Qg4 42. Qgd6+ Kg5 43. Qdf6# 1-0

[Event "Hong Kong-ch op"]
[Site "Hong Kong"]
[Date "2012.10.02"]
[Round "8"]
[White "Legenko, Ksenia"]
[Black "Muniz Pardino, Alberto"]
[Result "1/2-1/2"]
[WhiteElo "2007"]
[BlackElo "2138"]
[PlyCount "65"]
[EventDate "2012.09.28"]
[EventType "swiss"]
[EventRounds "9"]
[EventCountry "HKG"]
[SourceTitle "EXT 2024"]
[Source "ChessBase"]
[SourceDate "2023.10.10"]
[SourceVersion "1"]
[SourceVersionDate "2023.10.10"]
[SourceQuality "1"]

1. d4 d5 2. c4 e6 3. g3 c6 4. Bg2 f5 5. Qc2 Nf6 6. Nh3 Be7 7. 0-0 0-0 8. Nd2 Ne4 9. Nf4 Nxd2 10. Bxd2 Bf6 11. Bb4 Re8 12. Rfd1 a5 13. Ba3 Na6 14. e3 b6 15. cxd5 cxd5 16. Rac1 Bd7 17. Qb3 a4 18. Qc2 b5 19. Qd2 Qb6 20. Nd3 Rec8 21. Bc5 Qb7 22. a3 Kf7 23. Qe2 g6 24. Qf3 Rc6 25. g4 Rg8 26. g5 Bg7 27. Qh3 Rh8 28. Qg3 Qb8 29. Qf3 Rhc8 30. Qe2 Qb7 31. Qd2 Qc7 32. Bf1 Rb8 33. Bg2 1/2-1/2

[Event "Hong Kong-ch op"]
[Site "Hong Kong"]
[Date "2012.09.29"]
[Round "3"]
[White "Wong, Meng Kong"]
[Black "Legenko, Ksenia"]
[Result "1-0"]
[WhiteElo "2323"]
[BlackElo "2007"]
[PlyCount "89"]
[EventDate "2012.09.28"]
[EventType "swiss"]
[EventRounds "9"]
[EventCountry "HKG"]
[SourceTitle "EXT 2024"]
[Source "ChessBase"]
[SourceDate "2023.10.10"]
[SourceVersion "1"]
[SourceVersionDate "2023.10.10"]
[SourceQuality "1"]

1. c4 b6 2. Nc3 e6 3. e4 Bb4 4. Nge2 Bb7 5. a3 Bxc3 6. Nxc3 Ne7 7. d4 d5 8. cxd5 exd5 9. Bb5+ c6 10. Bd3 0-0 11. 0-0 dxe4 12. Nxe4 Qd7 13. Qh5 f5 14. Bc4+ Nd5 15. Nc3 Na6 16. Bf4 Nac7 17. Be5 Ne6 18. Rfd1 Qf7 19. Qxf7+ Kxf7 20. Bxd5 cxd5 21. Nb5 Ba6 22. Nd6+ Ke7 23. b4 Rad8 24. b5 Bc8 25. Nxc8+ Rxc8 26. a4 Rfd8 27. h4 Rc4 28. a5 Rd7 29. axb6 axb6 30. Ra6 Rb7 31. Rda1 Nxd4 32. Bxg7 Nxb5 33. Rb1 Rc5 34. Ra8 Nc7 35. Rh8 Kf7 36. Bd4 Rc4 37. Rxh7+ Kg6 38. Rg7+ Kh6 39. Be5 b5 40. g3 b4 41. Kg2 b3 42. Rd7 Rc2 43. h5 b2 44. Bf4+ Kxh5 45. Rh1+ 1-0